00636 a2200169 4500010001400000020002600014035001300040037001600053082001100069100001900080245019300099260005100292270004900343300003700392500002000429700001700449 aENG-89194 a9788120334069c695.00 aEN-72727 bDBAD / PUB14a005.431 aNorthrup, Tony1 aMCITP self-paced training kit (exam 70-622) :cby Tony Northrup and J.C. Mackinbsupporting and troubleshooting applications on a Windows Vista Client for enterprise support technicians / aNew DelhibPrentice-Hall of Indiac2008 (repr) aM-97, Connaught Circus,bNew Delhie110 001 axxxii, 588p.c23 cm (Hb)eCD-ROM aIncludes Index aMackin, J.C.